Loading...
| History - European History | 0 | 5 | 0 | 1 | 50 | 58 | 106.00 | 2 | 2 |
| Fine Arts - Classical Music | 0 | 5 | 0 | 1 | 50 | 61 | 90.00 | 1 | 1 |
| Social Science | 0 | 4 | 0 | 1 | 40 | 78 | 96.25 | 0 | 1 |
| History - World History | 0 | 4 | 0 | 0 | 40 | 83 | 100.50 | 0 | 1 |
| Religion | 0 | 4 | 1 | 0 | 35 | 67 | 93.25 | 1 | 2 |
| Science - Physics | 0 | 4 | 1 | 0 | 35 | 61 | 89.00 | 1 | 3 |
| Science - Biology | 0 | 3 | 0 | 1 | 30 | 78 | 90.33 | 0 | 2 |
| History - Other History | 0 | 3 | 1 | 0 | 25 | 50 | 76.00 | 1 | 1 |
| Science - Other Science | 0 | 2 | 0 | 1 | 20 | 66 | 97.50 | 0 | 2 |
| Other Academic | 0 | 2 | 0 | 0 | 20 | 51 | 88.50 | 0 | 1 |
| Geography/Current Events | 0 | 2 | 0 | 0 | 20 | 66 | 69.00 | 0 | 2 |
| History - American History | 0 | 1 | 0 | 0 | 10 | 60 | 60.00 | 0 | 1 |
| Literature - European Literature | 0 | 1 | 0 | 0 | 10 | 111 | 111.00 | 0 | 1 |
| Philosophy | 0 | 1 | 0 | 0 | 10 | 66 | 66.00 | 1 | 1 |
| Mythology | 0 | 1 | 1 | 0 | 5 | 62 | 62.00 | 1 | 1 |
| Science - Chemistry | 0 | 0 | 1 | 0 | -5 | 0.00 | 0 | 0 | |
| Fine Arts - Other Fine Arts | 0 | 0 | 1 | 0 | -5 | 0.00 | 0 | 0 |